000 00305nam a22001337a 4500
020 _a92-5-104282-9
041 _aENG
100 _aBurt.C
245 _aModern Water Control And Management Practices In Irrigation
260 _aRome
_bFAO
_c1999
300 _a223
650 _aFAO
856 _uFAO ( 01 )
999 _c2339
_d2339